|
|
|
|
| LEADER |
00000nam a22000007a 4500 |
| 005 |
20220210223714.0 |
| 007 |
cr|||| |||| |
| 008 |
220210s2021 co |||||s|||| 00||0 spa d |
| 020 |
|
|
|a 978-958-784-653-9
|
| 035 |
|
|
|a 35910
|
| 040 |
|
|
|a vLex
|
| 090 |
|
|
|c 12941
|d 12941
|
| 100 |
1 |
|
|a Gomez Rodriguez, Juan Manuel
|
| 245 |
1 |
0 |
|a ¿Por qu ̌los buenos soldados hacen cosas malas?
|h [Recurso electrn̤ico] /
|c Juan Manuel Gomez Rodriguez
|
| 256 |
|
|
|a Servicio en ln̕ea
|
| 260 |
|
|
|a Bogot:̀
|b Universidad del Rosario,
|c 2021
|
| 300 |
|
|
|a 1 recurso electrn̤ico
|
| 506 |
1 |
|
|a Disponible solo en los productos indicados
|d vLex Global
|d vLex Global (Academic Edition, excluding Law Schools)
|d vLex Global (U.S. Academic Edition, Law Schools)
|d vLex Global (U.S. Academic Edition, excluding Law Schools)
|d vLex Global (Academic Edition, Law Schools)
|
| 650 |
0 |
4 |
|a Ciencias sociales
|z Colombia
|
| 740 |
0 |
|
|a vLex Libros (Servicio en ln̕ea)
|
| 856 |
4 |
0 |
|u https://app.vlex.com/#/sources/35910
|z Acceso restringido
|
| 942 |
|
|
|c BOOK
|
| 999 |
0 |
|
|a Social Sciences
|